000 00274nam a2200097Ia 4500
001 1072181
005 20250827002138.0
008 250824s9999 xx 000 0 und d
245 0 _aMEPHİSTOPHELES MODERN DÜNYADA ŞEYTAN
_cJEFFREY BURTON RUSSELL
260 _bPANAMA YAYINLARI
999 _c1072181
_d1072181